000 01112nam a2200241Ia 4500
008 161108s9999 xx 000 0 und d
020 _a9788434233683
082 _a751.49 S15p
100 _aSanmiguel, David
245 _aPintura al pastel /
_c [textos:
_b David SanMiguel ; dibujos y ejercicios:
_b Oscar Sanchís, Mercedes gaspar]
250 _aPrimera edición
300 _a159 páginas :
_b fotografías en color ;
_c 29 cm
490 _aAula de pintura
500 _aIncluye glosario \\ Mención de responsabilidad tomada de preliminares
505 _aLos materiales del pastelista -- Técnicas elementales para pintar al pastel -- Técnicas de dibujo y coloreado -- El pastel y la figura humana -- Paso a paso -- Glosario
650 _aDibujo Al Pastel / Dibujo Al Pastel - Ense{Aelig}Anza / Dibujo Al Pastel - Manuales / Pintura - Manuales
700 _aSanchís, {hooka}scar Gaspar, Mercedes
264 _aBarcelona :
_b Parramón
336 _atexto
_btxt
_2rdacontent
337 _asin mediación
_bn
_2rdamedia
338 _avolumen
_bnc
_2rdacarrier
040 _aCO-BoRNBP
_bspa
_erda
_cCO-BoRNBP
999 _c7439
_d7439